000 00886nam a22001937a 4500
003 UA-OsUOA
001 53766
007 ta
008 20151118b un ||||| |||| 00| 0 ukr d
090 _a050
_bТ67
942 _cMG
040 _aUA-OsUOA
_bukr
_cUA-OsUOA
_dUA-OsUOA
245 _aТрибуна. Орган Ради прихильників Української народньої республіки
_b1979: ч.1, 2; 1980: ч. 3, 4, 5; 1981: ч. 8, 9, 10; 1982: ч. 11, 12, + Пропам'ятне видання Трибуни з нагоди 65-річчя відновлення української армії 1982
955 _a4
041 _aukr
080 _a050
650 7 _a050 Серійні публікації. Періодика галузі, Організація та інші типи поєднання (співробітництва)
_2UDC
999 _c433891
_d433891